000 01227nam a22003377a 4500
003 CHAP
005 20220329143652.0
008 101203s2009 mx r 00010 spa d
010 _a100060
011 _a101032
035 _a111718
040 _cCHAP
090 _aTesis
100 1 _aSilva García, Francisca.
_9105997
245 1 0 _aCompuestos que inducen la producción de primordios fructíferos en Pleurotus ostreatus ( Jacq.: Fries) Kummer
_c/por Francisca Silva García
260 _aCocula, Gro. :
_bEl autor,
_c2009
300 _axiii, 91 h. :
_bilus., cuadros, gráfs.
502 _aTesis (Ing. Agr. Fitotecnista) -- CSAEGRO. Centro de Estudios Profesionales
590 _aALEPH
_b10
_c20130110
_lUCH01
_h1538
590 _aBATCH-UPD
_b10
_c20130110
_lUCH01
_h1146
590 _aBATCH-UPD
_b10
_c20130410
_lUCH01
_h0731
590 _aBATCH-UPD
_b10
_c20130914
_lUCH01
_h1620
590 _aCONVERSION
_b10
_c20130109
_lUCH01
_h1355
650 1 4 _aHongos
_xFisiología y morfología.
_956101
650 1 4 _aHongos
_xRendimiento.
_956118
650 1 4 _aPleurotus ostreatus.
_989176
901 _aBK
911 _aen proceso
942 _cTESIS
949 _aTesis
_bBC
_cTES
_d33724002226322
_eTS1
_gDonaciØn
_h51582
_i111718
_sb
999 _c100060
_d100060